Principles of microbiology /

Dades bibliogràfiques
Autor principal: Atlas, Ronald M., 1946-
Format: Llibre
Idioma:English
Publicat: Dubuque, IA : Wm. C. Brown Publishers, c1997.
Edició:2nd ed.
Matèries:
Classic Catalogue: View this record in Classic Catalogue
LEADER 01296nam a2200265 a 4500
001 4472206
008 101207s1997 iaua b 001 0 eng d
999 |c 10191  |d 10191 
010 |a  96035923  
020 |a 0815108893 
040 |a DLC  |c DLC  |d DLC  |d BD-DhAAL 
082 0 0 |a 579  |2 23 
100 1 |a Atlas, Ronald M.,  |d 1946-  |9 29477 
245 1 0 |a Principles of microbiology /  |c Ronald M. Atlas. 
250 |a 2nd ed. 
260 |a Dubuque, IA :  |b Wm. C. Brown Publishers,  |c c1997. 
300 |a xxix, 1298 p. :  |b ill. (some col.) ;  |c 29 cm. 
504 |a Includes bibliographical references and index. 
541 1 |e 00021573 
650 0 |a Microbiology.  |9 29478 
852 4 |a Ayesha Abed Library   |j General Shelf. 
942 |2 ddc  |c BK 
952 |0 0  |1 0  |2 ddc  |4 0  |6 579_000000000000000_ATL  |7 0  |9 13577  |a BRACUL  |b BRACUL  |c GEN  |d 2010-12-09  |e TRIM EDUCATION  |g 11375.00  |l 15  |m 163  |o 579 ATL  |p 3010021573  |r 2025-10-13  |s 2025-07-27  |t 1  |w 2010-12-09  |y BK 
952 |0 0  |1 0  |2 ddc  |4 0  |6 579_000000000000000_ATL  |7 0  |9 13578  |a BRACUL  |b BRACUL  |c GEN  |d 2010-12-09  |e TRIM EDUCATION  |g 11375.00  |l 15  |m 112  |o 579 ATL  |p 3010021574  |r 2026-03-08  |s 2025-04-23  |t 2  |w 2010-12-09  |y BK 
952 |0 0  |1 0  |2 ddc  |4 0  |6 579_000000000000000_ATL  |7 0  |9 13579  |a BRACUL  |b BRACUL  |c GEN  |d 2010-12-09  |e TRIM EDUCATION  |g 11375.00  |l 19  |m 74  |o 579 ATL  |p 3010021575  |r 2026-01-17  |s 2026-01-03  |t 3  |w 2010-12-09  |y BK